000 00459nam a2200157 a 4500
005 20140414093845.0
008 091105s19uu xx 00 eng d
050 _aCDB 510
_bMAT 2008
100 _aOwen, John
245 _aMathematics for the international student SL. /
_cJohn Owen.
260 _aAustralia :
_bHaese & Harris Publications,
_cc2004.
650 _aMathematics.
650 _aInternational Baccalaureate.
942 _cAVM
999 _c109543
_d109543